Lo que comienza bien termina mejor: Elaboración de propuestas con enfoque de género
Propone una serie de pre-condiciones que contribuyen a que una propuesta de proyecto contenga los ingredientes básicos que faciliten la incorporación de un enfoque de equidad de género
Salvato in:
| Autore principale: | |
|---|---|
| Ente Autore: | |
| Natura: | testo |
| Pubblicazione: |
San José:
Fundación Arias para la Paz y el Progreso Humano. Unión Mundial para la Naturaleza
|
| Soggetti: | |
| Tags: |
Aggiungi Tag
Nessun Tag, puoi essere il primo ad aggiungerne!!
|
MARC
| LEADER | 00000 a a2200000 04500 | ||
|---|---|---|---|
| 001 | 30876 | ||
| 003 | |||
| 040 | |a CRAI/IIS |c CRAI/IIS | ||
| 020 | |a 9968-786-07-1 | ||
| 090 | |b 196900 | ||
| 100 | |a Aguilar, Lorena | ||
| 110 | |a REDNA Nicaragua | ||
| 245 | |a Lo que comienza bien termina mejor: Elaboración de propuestas con enfoque de género | ||
| 260 | |a San José: |b Fundación Arias para la Paz y el Progreso Humano. Unión Mundial para la Naturaleza | ||
| 520 | |a Propone una serie de pre-condiciones que contribuyen a que una propuesta de proyecto contenga los ingredientes básicos que faciliten la incorporación de un enfoque de equidad de género | ||
| 650 | |a GENERO | ||
| 650 | |a IGUALDAD DE GENERO | ||
| 650 | |a EQUIDAD SOCIAL | ||
| 650 | |a PARTICIPACION SOCIAL | ||
| 650 | |a PARTICIPACION DE LA MUJER | ||
| 650 | |a PLANIFICACION DE PROGRAMAS | ||
| 650 | |a DISEÑO DE PROYECTOS | ||
| 650 | |a EJECUCION DE PROYECTOS | ||
| 650 | |a METODOLOGIA | ||
| 999 | |c 17519 |d 17519 | ||



